[Event "Russian Rapid Team Championship (w)"]
[Site "Sochi"]
[Date "2022.10.19"]
[Round "7.5"]
[White "Voit, Daria"]
[Black "Vasilevich, Tatjana"]
[Result "1/2-1/2"]
[BlackElo "2226"]
[WhiteElo "2297"]
[LiveChessVersion "1.4.8"]

1. d4 {[%clk 0:15:17]} Nf6 {[%clk 0:15:19]} 2. c4 {[%clk 0:15:26]} g6
{[%clk 0:15:27]} 3. g3 {[%clk 0:15:34]} Bg7 {[%clk 0:15:36]} 4. Bg2
{[%clk 0:15:43]} O-O {[%clk 0:15:44]} 5. Nc3 {[%clk 0:15:51]} d6 {[%clk 0:15:53]}
6. Nf3 {[%clk 0:15:57]} Nc6 {[%clk 0:16:01]} 7. O-O {[%clk 0:16:05]} a6
{[%clk 0:16:09]} 8. d5 {[%clk 0:16:13]} Na5 {[%clk 0:16:18]} 9. b3
{[%clk 0:16:22]} c5 {[%clk 0:16:25]} 10. dxc6 {[%clk 0:16:29]} Nxc6
{[%clk 0:16:33]} 11. Bb2 {[%clk 0:16:34]} Bf5 {[%clk 0:16:34]} 12. Nd5
{[%clk 0:15:36]} Nxd5 {[%clk 0:16:00]} 13. Bxg7 {[%clk 0:15:44]} Ne3
{[%clk 0:15:10]} 14. fxe3 {[%clk 0:15:48]} Kxg7 {[%clk 0:15:17]} 15. Nd4
{[%clk 0:15:51]} Bd7 {[%clk 0:15:15]} 16. Nxc6 {[%clk 0:15:02]} Bxc6
{[%clk 0:14:34]} 17. Bxc6 {[%clk 0:15:02]} bxc6 {[%clk 0:14:43]} 18. Qd4+
{[%clk 0:15:04]} f6 {[%clk 0:13:57]} 19. c5 {[%clk 0:15:08]} d5 {[%clk 0:13:48]}
20. e4 {[%clk 0:15:16]} e5 {[%clk 0:13:23]} 21. Qd3 {[%clk 0:15:22]} Qe7
{[%clk 0:12:57]} 22. b4 {[%clk 0:15:08]} Rfd8 {[%clk 0:12:38]} 23. Rfc1
{[%clk 0:13:56]} Qe6 {[%clk 0:12:17]} 24. Rd1 {[%clk 0:12:23]} Qg4
{[%clk 0:08:09]} 25. exd5 {[%clk 0:10:55]} Rxd5 {[%clk 0:07:32]} 26. Qf3
{[%clk 0:10:41]} Qxf3 {[%clk 0:07:16]} 27. exf3 {[%clk 0:10:49]} Rad8
{[%clk 0:07:24]} 28. Rxd5 {[%clk 0:10:48]} Rxd5 {[%clk 0:07:33]} 29. a4
{[%clk 0:10:42]} Kf7 {[%clk 0:06:40]} 30. Rb1 {[%clk 0:10:15]} Ke6
{[%clk 0:04:19]} 31. b5 {[%clk 0:10:02]} cxb5 {[%clk 0:04:20]} 32. axb5
{[%clk 0:10:09]} axb5 {[%clk 0:04:16]} 33. Rxb5 {[%clk 0:10:17]} Rd1+
{[%clk 0:03:51]} 34. Kf2 {[%clk 0:10:25]} Rd2+ {[%clk 0:03:59]} 35. Kg1
{[%clk 0:10:30]} Rd1+ {[%clk 0:03:47]} 36. Kf2 {[%clk 0:10:38]} Rd2+
{[%clk 0:03:56]} 37. Kg1 {[%clk 0:10:46]} Rd1+ {[%clk 0:02:42]} 1/2-1/2

[Event "Russian Rapid Team Championship (w)"]
[Site "Sochi"]
[Date "2022.10.19"]
[Round "7.6"]
[White "Potapova, Margarita"]
[Black "Kovalevskaya, Ekaterina"]
[Result "1-0"]
[BlackElo "2257"]
[WhiteElo "2143"]
[LiveChessVersion "1.4.8"]

1. d4 {[%clk 0:15:16]} Nf6 {[%clk 0:15:18]} 2. c4 {[%clk 0:15:23]} d6
{[%clk 0:15:26]} 3. Nf3 {[%clk 0:14:47]} g6 {[%clk 0:15:27]} 4. Nc3
{[%clk 0:14:48]} Bg7 {[%clk 0:15:35]} 5. e4 {[%clk 0:14:56]} O-O {[%clk 0:15:42]}
6. h3 {[%clk 0:15:01]} e5 {[%clk 0:15:23]} 7. d5 {[%clk 0:15:09]} c6
{[%clk 0:14:29]} 8. Be2 {[%clk 0:14:35]} a6 {[%clk 0:14:08]} 9. O-O
{[%clk 0:14:32]} cxd5 {[%clk 0:12:54]} 10. cxd5 {[%clk 0:14:36]} b5
{[%clk 0:12:58]} 11. b4 {[%clk 0:13:59]} Nbd7 {[%clk 0:12:59]} 12. a4
{[%clk 0:13:47]} bxa4 {[%clk 0:12:48]} 13. Qxa4 {[%clk 0:12:57]} Bb7
{[%clk 0:10:26]} 14. Be3 {[%clk 0:12:45]} Rc8 {[%clk 0:07:01]} 15. Rfc1
{[%clk 0:12:06]} Nb6 {[%clk 0:07:01]} 16. Qb3 {[%clk 0:11:11]} Ra8
{[%clk 0:02:31]} 17. Ra5 {[%clk 0:10:13]} Nfd7 {[%clk 0:02:36]} 18. Rca1
{[%clk 0:09:59]} Qc8 {[%clk 0:02:03]} 19. b5 {[%clk 0:09:07]} axb5
{[%clk 0:01:48]} 20. Nxb5 {[%clk 0:09:14]} Rxa5 {[%clk 0:01:25]} 21. Rxa5
{[%clk 0:09:22]} Qb8 {[%clk 0:00:35]} 22. Nc3 {[%clk 0:05:27]} Qc7
{[%clk 0:00:25]} 23. Bxb6 {[%clk 0:04:54]} Nxb6 {[%clk 0:00:27]} 24. Rb5
{[%clk 0:05:03]} Bxd5 {[%clk 0:00:17]} 25. Nxd5 {[%clk 0:04:34]} Nxd5
{[%clk 0:00:26]} 26. Qxd5 {[%clk 0:04:41]} h6 {[%clk 0:00:29]} 27. g3
{[%clk 0:04:20]} Rb8 {[%clk 0:00:30]} 28. Rxb8+ {[%clk 0:03:47]} Qxb8
{[%clk 0:00:39]} 29. Bc4 {[%clk 0:03:52]} Qc7 {[%clk 0:00:48]} 30. Nh4
{[%clk 0:03:56]} g5 {[%clk 0:00:23]} 31. Nf5 {[%clk 0:04:01]} Bf8
{[%clk 0:00:31]} 32. Kg2 {[%clk 0:03:56]} Qd7 {[%clk 0:00:39]} 33. Ne3
{[%clk 0:03:32]} Qe7 {[%clk 0:00:26]} 34. Qc6 {[%clk 0:03:09]} Qf6
{[%clk 0:00:13]} 35. Qe8 {[%clk 0:03:04]} Qe7 {[%clk 0:00:13]} 36. Qc8
{[%clk 0:02:54]} Qf6 {[%clk 0:00:11]} 37. Bd5 {[%clk 0:02:30]} Qe7
{[%clk 0:00:19]} 38. Nf5 {[%clk 0:02:33]} Qf6 {[%clk 0:00:28]} 39. Qe8
{[%clk 0:02:36]} h5 {[%clk 0:00:36]} 40. Bxf7+ {[%clk 0:02:32]} 1-0

[Event "Russian Rapid Team Championship (w)"]
[Site "Sochi"]
[Date "2022.10.19"]
[Round "7.7"]
[White "Bivol, Alina"]
[Black "Tomilova, Elena"]
[Result "1-0"]
[BlackElo "2129"]
[WhiteElo "2264"]
[LiveChessVersion "1.4.8"]

1. e4 {[%clk 0:14:19]} d5 {[%clk 0:15:18]} 2. exd5 {[%clk 0:14:26]} Qxd5
{[%clk 0:15:27]} 3. Nc3 {[%clk 0:14:34]} Qd6 {[%clk 0:15:36]} 4. d4
{[%clk 0:14:33]} Nf6 {[%clk 0:15:44]} 5. Nf3 {[%clk 0:14:21]} g6 {[%clk 0:15:51]}
6. g3 {[%clk 0:14:23]} Bg7 {[%clk 0:15:59]} 7. Bg2 {[%clk 0:14:28]} Qa6
{[%clk 0:16:07]} 8. Qe2 {[%clk 0:14:30]} Qxe2+ {[%clk 0:16:12]} 9. Nxe2
{[%clk 0:14:38]} Bf5 {[%clk 0:16:03]} 10. c3 {[%clk 0:14:41]} c6 {[%clk 0:16:09]}
11. O-O {[%clk 0:14:15]} Be4 {[%clk 0:15:33]} 12. Re1 {[%clk 0:14:18]} Na6
{[%clk 0:15:04]} 13. b4 {[%clk 0:11:52]} Nc7 {[%clk 0:15:00]} 14. Bf4
{[%clk 0:11:20]} Ncd5 {[%clk 0:14:01]} 15. Bd2 {[%clk 0:11:10]} Nb6
{[%clk 0:13:26]} 16. Nc1 {[%clk 0:09:46]} Nc4 {[%clk 0:12:15]} 17. Nb3
{[%clk 0:09:41]} Nxd2 {[%clk 0:10:35]} 18. Nbxd2 {[%clk 0:08:59]} Bd5
{[%clk 0:10:11]} 19. a4 {[%clk 0:08:26]} a5 {[%clk 0:06:21]} 20. b5
{[%clk 0:07:45]} Bh6 {[%clk 0:04:31]} 21. c4 {[%clk 0:07:06]} Bxd2
{[%clk 0:04:26]} 22. Nxd2 {[%clk 0:07:15]} Bxg2 {[%clk 0:04:34]} 23. Kxg2
{[%clk 0:07:24]} Kd7 {[%clk 0:03:29]} 24. Nb3 {[%clk 0:06:29]} Rhb8
{[%clk 0:03:24]} 25. b6 {[%clk 0:06:28]} e6 {[%clk 0:02:22]} 26. Re5
{[%clk 0:06:30]} Ne8 {[%clk 0:02:09]} 27. Rxa5 {[%clk 0:01:52]} Rxa5
{[%clk 0:02:09]} 28. Nxa5 {[%clk 0:02:01]} Nd6 {[%clk 0:02:18]} 29. c5
{[%clk 0:02:08]} Nf5 {[%clk 0:02:10]} 30. Nb3 {[%clk 0:02:02]} f6
{[%clk 0:01:26]} 31. Kf3 {[%clk 0:02:07]} h5 {[%clk 0:01:25]} 32. Ke4
{[%clk 0:02:00]} g5 {[%clk 0:01:25]} 33. a5 {[%clk 0:02:04]} Ra8 {[%clk 0:01:33]}
34. h3 {[%clk 0:01:39]} Ne7 {[%clk 0:01:38]} 35. f4 {[%clk 0:01:39]} f5+
{[%clk 0:01:27]} 36. Kf3 {[%clk 0:01:02]} g4+ {[%clk 0:01:26]} 37. hxg4
{[%clk 0:01:10]} hxg4+ {[%clk 0:01:30]} 38. Kg2 {[%clk 0:01:19]} Nd5
{[%clk 0:01:08]} 39. Rh1 {[%clk 0:01:25]} Re8 {[%clk 0:01:06]} 40. Nd2
{[%clk 0:01:22]} Ne3+ {[%clk 0:00:54]} 41. Kf2 {[%clk 0:01:26]} Nc2
{[%clk 0:01:02]} 42. Nc4 {[%clk 0:01:33]} Nb4 {[%clk 0:00:44]} 43. Nd6
{[%clk 0:01:42]} Re7 {[%clk 0:00:33]} 44. Rh8 {[%clk 0:01:27]} Na6
{[%clk 0:00:23]} 45. Ra8 {[%clk 0:01:19]} Rh7 {[%clk 0:00:22]} 46. Nxb7
{[%clk 0:00:53]} Nb4 {[%clk 0:00:30]} 47. Nd6 {[%clk 0:00:53]} Rh2+
{[%clk 0:00:24]} 48. Kg1 {[%clk 0:01:00]} Rb2 {[%clk 0:00:24]} 49. b7
{[%clk 0:00:33]} Rb1+ {[%clk 0:00:23]} 50. Kf2 {[%clk 0:00:33]} Rb2+
{[%clk 0:00:28]} 51. Kf1 {[%clk 0:00:17]} Rb1+ {[%clk 0:00:25]} 52. Ke2
{[%clk 0:00:26]} Rb2+ {[%clk 0:00:29]} 53. Kd1 {[%clk 0:00:18]} Nd3
{[%clk 0:00:22]} 54. b8=Q {[%clk 0:00:17]} Nf2+ {[%clk 0:00:27]} 55. Ke1
{[%clk 0:00:26]} Nd3+ {[%clk 0:00:34]} 56. Kf1 {[%clk 0:00:34]} 1-0

[Event "Russian Rapid Team Championship (w)"]
[Site "Sochi"]
[Date "2022.10.19"]
[Round "7.8"]
[White "Gritsayeva, Oksana"]
[Black "Borisova, Ekaterina"]
[Result "1/2-1/2"]
[BlackElo "2150"]
[WhiteElo "2192"]
[LiveChessVersion "1.4.8"]

1. e4 {[%clk 0:15:19]} e5 {[%clk 0:15:13]} 2. Nf3 {[%clk 0:15:27]} Nc6
{[%clk 0:15:22]} 3. Nc3 {[%clk 0:15:36]} g6 {[%clk 0:15:29]} 4. Bc4
{[%clk 0:15:06]} Bg7 {[%clk 0:15:25]} 5. h4 {[%clk 0:15:14]} h6 {[%clk 0:15:08]}
6. h5 {[%clk 0:15:09]} g5 {[%clk 0:15:11]} 7. d3 {[%clk 0:15:10]} Nge7
{[%clk 0:15:08]} 8. a3 {[%clk 0:14:33]} d6 {[%clk 0:15:02]} 9. Bxg5
{[%clk 0:13:32]} hxg5 {[%clk 0:14:22]} 10. Nxg5 {[%clk 0:13:40]} Rf8
{[%clk 0:13:21]} 11. h6 {[%clk 0:13:36]} Bh8 {[%clk 0:13:27]} 12. Qh5
{[%clk 0:13:14]} Ng6 {[%clk 0:11:21]} 13. g3 {[%clk 0:11:25]} Nd4
{[%clk 0:10:21]} 14. O-O-O {[%clk 0:10:31]} b5 {[%clk 0:08:07]} 15. Nxb5
{[%clk 0:09:55]} Nxb5 {[%clk 0:08:01]} 16. Bxb5+ {[%clk 0:10:04]} Bd7
{[%clk 0:08:09]} 17. Bc4 {[%clk 0:10:04]} Qe7 {[%clk 0:07:56]} 18. Rhf1
{[%clk 0:08:59]} O-O-O {[%clk 0:07:42]} 19. Nxf7 {[%clk 0:04:55]} Rxf7
{[%clk 0:07:43]} 20. Qxg6 {[%clk 0:05:03]} Rf6 {[%clk 0:07:33]} 21. Qh5
{[%clk 0:04:54]} Qh7 {[%clk 0:07:12]} 22. Qe2 {[%clk 0:03:29]} Qxh6+
{[%clk 0:07:15]} 23. Kb1 {[%clk 0:03:37]} Rdf8 {[%clk 0:06:59]} 24. Rh1
{[%clk 0:01:31]} Qg5 {[%clk 0:06:46]} 25. Rdf1 {[%clk 0:01:33]} Bg7
{[%clk 0:06:13]} 26. Qe1 {[%clk 0:01:32]} Kd8 {[%clk 0:05:49]} 27. Qa5
{[%clk 0:01:11]} Rxf2 {[%clk 0:03:07]} 28. Rxf2 {[%clk 0:01:20]} Rxf2
{[%clk 0:03:16]} 29. Qxa7 {[%clk 0:01:28]} Qd2 {[%clk 0:03:01]} 30. Qb8+
{[%clk 0:01:18]} Ke7 {[%clk 0:03:05]} 31. Rh7 {[%clk 0:00:37]} Kf6
{[%clk 0:01:58]} 32. Qd8+ {[%clk 0:00:45]} Kg6 {[%clk 0:02:07]} 33. Rxg7+
{[%clk 0:00:42]} Kxg7 {[%clk 0:02:16]} 34. Qxd7+ {[%clk 0:00:50]} Kh6
{[%clk 0:02:14]} 35. Bb3 {[%clk 0:00:33]} Rf1+ {[%clk 0:02:16]} 36. Ka2
{[%clk 0:00:43]} Qc1 {[%clk 0:02:24]} 37. Qh3+ {[%clk 0:00:45]} Kg7
{[%clk 0:02:18]} 38. Qd7+ {[%clk 0:00:49]} Kh6 {[%clk 0:02:28]} 39. Qh3+
{[%clk 0:00:58]} Kg7 {[%clk 0:02:37]} 40. Qg4+ {[%clk 0:00:57]} Kh6
{[%clk 0:02:44]} 41. Qh4+ {[%clk 0:00:50]} Kg7 {[%clk 0:01:28]} 42. Be6
{[%clk 0:00:38]} Qxc2 {[%clk 0:01:01]} 43. Qg5+ {[%clk 0:00:44]} Kf8
{[%clk 0:00:43]} 44. Bc4 {[%clk 0:00:38]} Qb1+ {[%clk 0:00:44]} 45. Kb3
{[%clk 0:00:47]} Qd1+ {[%clk 0:00:50]} 46. Kb4 {[%clk 0:00:44]} Qe1+
{[%clk 0:00:43]} 47. Kb5 {[%clk 0:00:48]} Qf2 {[%clk 0:00:39]} 48. Qd8+
{[%clk 0:00:50]} Kg7 {[%clk 0:00:47]} 49. Qxc7+ {[%clk 0:00:57]} Kh8
{[%clk 0:00:48]} 50. Qd8+ {[%clk 0:00:52]} Kg7 {[%clk 0:00:49]} 51. Qg5+
{[%clk 0:00:58]} Kf8 {[%clk 0:00:47]} 52. Qg8+ {[%clk 0:01:04]} Ke7
{[%clk 0:00:55]} 53. Qe6+ {[%clk 0:01:13]} Kf8 {[%clk 0:00:57]} 54. Qxd6+
{[%clk 0:01:21]} Kg7 {[%clk 0:00:59]} 55. Qxe5+ {[%clk 0:01:28]} Kf8
{[%clk 0:01:03]} 56. Qh8+ {[%clk 0:01:26]} Ke7 {[%clk 0:01:11]} 57. Qg7+
{[%clk 0:01:32]} Ke8 {[%clk 0:00:52]} 58. Be6 {[%clk 0:01:14]} Rc1
{[%clk 0:00:28]} 59. Qd7+ {[%clk 0:01:01]} Kf8 {[%clk 0:00:36]} 60. Qd8+
{[%clk 0:01:10]} Kg7 {[%clk 0:00:42]} 61. Qg5+ {[%clk 0:01:19]} Kf8
{[%clk 0:00:18]} 62. Qxc1 {[%clk 0:01:27]} Qxg3 {[%clk 0:00:19]} 63. Qc5+
{[%clk 0:01:33]} Ke8 {[%clk 0:00:22]} 64. Qc8+ {[%clk 0:01:37]} Ke7
{[%clk 0:00:32]} 65. Qd7+ {[%clk 0:01:44]} Kf6 {[%clk 0:00:41]} 66. Qf7+
{[%clk 0:01:38]} Ke5 {[%clk 0:00:49]} 67. Qc7+ {[%clk 0:01:44]} Kd4
{[%clk 0:00:59]} 68. Qc3+ {[%clk 0:01:46]} Ke3 {[%clk 0:01:06]} 69. d4+
{[%clk 0:01:55]} 1/2-1/2

[Event "Russian Rapid Team Championship (w)"]
[Site "Sochi"]
[Date "2022.10.19"]
[Round "7.9"]
[White "Shuvalova, Polina"]
[Black "Bodnaruk, Anastasia"]
[Result "0-1"]
[BlackElo "2278"]
[WhiteElo "2392"]
[LiveChessVersion "1.4.8"]

1. e4 {[%clk 0:15:14]} c5 {[%clk 0:15:19]} 2. Nf3 {[%clk 0:15:22]} d6
{[%clk 0:15:28]} 3. Bb5+ {[%clk 0:15:17]} Bd7 {[%clk 0:15:35]} 4. Bxd7+
{[%clk 0:15:25]} Qxd7 {[%clk 0:15:44]} 5. O-O {[%clk 0:15:31]} Nc6
{[%clk 0:15:49]} 6. Re1 {[%clk 0:15:19]} Nf6 {[%clk 0:15:54]} 7. d4
{[%clk 0:15:20]} cxd4 {[%clk 0:16:01]} 8. Nxd4 {[%clk 0:15:28]} g6
{[%clk 0:16:01]} 9. Nxc6 {[%clk 0:15:34]} bxc6 {[%clk 0:15:57]} 10. b3
{[%clk 0:15:40]} Bg7 {[%clk 0:15:54]} 11. Bb2 {[%clk 0:15:48]} O-O
{[%clk 0:15:41]} 12. Nd2 {[%clk 0:15:54]} Rfd8 {[%clk 0:14:29]} 13. Qe2
{[%clk 0:15:39]} Nh5 {[%clk 0:13:57]} 14. Bxg7 {[%clk 0:15:43]} Nxg7
{[%clk 0:14:04]} 15. Rad1 {[%clk 0:15:36]} Qc7 {[%clk 0:12:44]} 16. h3
{[%clk 0:15:17]} e5 {[%clk 0:12:22]} 17. Nc4 {[%clk 0:14:50]} Ne6
{[%clk 0:12:12]} 18. Qd2 {[%clk 0:14:20]} f6 {[%clk 0:10:41]} 19. Ne3
{[%clk 0:13:06]} h5 {[%clk 0:09:47]} 20. Qc3 {[%clk 0:12:37]} Rac8
{[%clk 0:08:29]} 21. Rd2 {[%clk 0:12:29]} Qe7 {[%clk 0:07:31]} 22. Qb4
{[%clk 0:12:18]} Kg7 {[%clk 0:06:59]} 23. Red1 {[%clk 0:12:16]} Nc5
{[%clk 0:06:50]} 24. f3 {[%clk 0:11:14]} Nb7 {[%clk 0:05:42]} 25. Nc4
{[%clk 0:10:58]} Rc7 {[%clk 0:04:34]} 26. Qa3 {[%clk 0:09:03]} Rcd7
{[%clk 0:04:26]} 27. Qxa7 {[%clk 0:08:00]} d5 {[%clk 0:04:15]} 28. Nb6
{[%clk 0:06:06]} Qc5+ {[%clk 0:04:03]} 29. Kh1 {[%clk 0:06:14]} Rf7
{[%clk 0:02:46]} 30. exd5 {[%clk 0:04:41]} cxd5 {[%clk 0:02:32]} 31. b4
{[%clk 0:03:41]} Qe3 {[%clk 0:02:21]} 32. Rd3 {[%clk 0:03:27]} Qf2
{[%clk 0:02:29]} 33. R3d2 {[%clk 0:03:33]} Qe3 {[%clk 0:02:38]} 34. Rd3
{[%clk 0:02:44]} Qf2 {[%clk 0:02:47]} 35. Rxd5 {[%clk 0:01:41]} Rxd5
{[%clk 0:02:53]} 36. Rxd5 {[%clk 0:01:50]} Nd6 {[%clk 0:02:39]} 37. Qa6
{[%clk 0:01:11]} Nf5 {[%clk 0:02:48]} 38. Rd1 {[%clk 0:01:15]} g5
{[%clk 0:00:44]} 39. Nd5 {[%clk 0:01:15]} g4 {[%clk 0:00:41]} 40. fxg4
{[%clk 0:01:02]} hxg4 {[%clk 0:00:50]} 41. Qc4 {[%clk 0:00:36]} e4
{[%clk 0:00:56]} 42. Qc3 {[%clk 0:00:18]} e3 {[%clk 0:00:30]} 43. Qe1
{[%clk 0:00:13]} e2 {[%clk 0:00:16]} 44. Rc1 {[%clk 0:00:16]} g3 {[%clk 0:00:18]}
45. Nc3 {[%clk 0:00:13]} Re7 {[%clk 0:00:25]} 46. Nd5 {[%clk 0:00:11]} Nh4
{[%clk 0:00:21]} 47. Qg1 {[%clk 0:00:14]} e1=Q {[%clk 0:00:23]} 0-1

[Event "Russian Rapid Team Championship (w)"]
[Site "Sochi"]
[Date "2022.10.19"]
[Round "7.10"]
[White "Chernyak, Viktoria"]
[Black "Gunina, Valentina"]
[Result "0-1"]
[BlackElo "2421"]
[WhiteElo "2152"]
[LiveChessVersion "1.4.8"]

1. c4 {[%clk 0:15:19]} c6 {[%clk 0:15:13]} 2. g3 {[%clk 0:15:22]} d5
{[%clk 0:15:20]} 3. Bg2 {[%clk 0:15:31]} Nf6 {[%clk 0:15:29]} 4. Nf3
{[%clk 0:15:29]} g6 {[%clk 0:15:37]} 5. b3 {[%clk 0:15:26]} Bg7 {[%clk 0:15:46]}
6. Bb2 {[%clk 0:15:35]} O-O {[%clk 0:15:49]} 7. O-O {[%clk 0:15:40]} Nbd7
{[%clk 0:15:39]} 8. e3 {[%clk 0:14:23]} b6 {[%clk 0:15:42]} 9. d4
{[%clk 0:13:43]} Ba6 {[%clk 0:15:36]} 10. Nbd2 {[%clk 0:13:25]} Rc8
{[%clk 0:15:43]} 11. Re1 {[%clk 0:12:47]} c5 {[%clk 0:15:24]} 12. Rc1
{[%clk 0:12:15]} e6 {[%clk 0:15:22]} 13. Ne5 {[%clk 0:11:36]} Nxe5
{[%clk 0:14:42]} 14. dxe5 {[%clk 0:11:44]} Nd7 {[%clk 0:14:50]} 15. f4
{[%clk 0:10:41]} Nb8 {[%clk 0:14:57]} 16. Qc2 {[%clk 0:09:37]} Nc6
{[%clk 0:15:02]} 17. a3 {[%clk 0:09:45]} Qd7 {[%clk 0:14:42]} 18. Rcd1
{[%clk 0:09:28]} Rcd8 {[%clk 0:13:22]} 19. Ne4 {[%clk 0:09:01]} Qc7
{[%clk 0:12:36]} 20. cxd5 {[%clk 0:07:48]} exd5 {[%clk 0:12:44]} 21. Nf6+
{[%clk 0:07:53]} Bxf6 {[%clk 0:12:52]} 22. exf6 {[%clk 0:08:02]} Bb7
{[%clk 0:12:45]} 23. Bxd5 {[%clk 0:07:46]} Nd4 {[%clk 0:12:15]} 24. Bxd4
{[%clk 0:06:10]} Rxd5 {[%clk 0:11:52]} 25. Be5 {[%clk 0:06:13]} Rxd1
{[%clk 0:10:24]} 26. Qxd1 {[%clk 0:06:21]} Qc8 {[%clk 0:10:32]} 27. Qc2
{[%clk 0:05:05]} h5 {[%clk 0:10:40]} 28. e4 {[%clk 0:04:49]} Rd8 {[%clk 0:10:40]}
29. Re2 {[%clk 0:03:50]} b5 {[%clk 0:10:45]} 30. Kg2 {[%clk 0:02:27]} c4
{[%clk 0:10:48]} 31. bxc4 {[%clk 0:02:30]} bxc4 {[%clk 0:10:56]} 32. Qb2
{[%clk 0:02:20]} Rd3 {[%clk 0:10:47]} 33. h3 {[%clk 0:01:04]} c3 {[%clk 0:10:45]}
34. Qc1 {[%clk 0:00:47]} h4 {[%clk 0:10:33]} 35. g4 {[%clk 0:00:57]} Qc4
{[%clk 0:10:32]} 36. f5 {[%clk 0:00:27]} Rg3+ {[%clk 0:10:35]} 37. Kf2
{[%clk 0:00:14]} Qc5+ {[%clk 0:10:42]} 38. Re3 {[%clk 0:00:20]} Qxe5
{[%clk 0:10:49]} 39. fxg6 {[%clk 0:00:13]} Qxf6+ {[%clk 0:10:49]} 40. Ke2
{[%clk 0:00:22]} Ba6+ {[%clk 0:10:58]} 41. Kd1 {[%clk 0:00:30]} Rg1+
{[%clk 0:11:07]} 42. Re1 {[%clk 0:00:39]} Rxe1+ {[%clk 0:11:15]} 0-1

[Event "Russian Rapid Team Championship (w)"]
[Site "Sochi"]
[Date "2022.10.19"]
[Round "7.11"]
[White "Badelka, Olga"]
[Black "Getman, Tatyana"]
[Result "1-0"]
[BlackElo "2073"]
[WhiteElo "2316"]
[LiveChessVersion "1.4.8"]

1. d4 {[%clk 0:15:19]} Nf6 {[%clk 0:15:19]} 2. c4 {[%clk 0:15:28]} e6
{[%clk 0:15:28]} 3. Nc3 {[%clk 0:15:37]} Bb4 {[%clk 0:15:36]} 4. e3
{[%clk 0:15:46]} O-O {[%clk 0:15:42]} 5. Bd3 {[%clk 0:15:54]} d5 {[%clk 0:15:45]}
6. cxd5 {[%clk 0:16:02]} exd5 {[%clk 0:15:50]} 7. Nge2 {[%clk 0:16:10]} c6
{[%clk 0:15:32]} 8. O-O {[%clk 0:16:16]} b6 {[%clk 0:14:25]} 9. f3
{[%clk 0:16:12]} Ba6 {[%clk 0:14:00]} 10. e4 {[%clk 0:14:41]} Bxd3
{[%clk 0:13:48]} 11. Qxd3 {[%clk 0:14:49]} Re8 {[%clk 0:12:58]} 12. e5
{[%clk 0:14:22]} Nfd7 {[%clk 0:13:06]} 13. f4 f6 {[%clk 0:10:58]} 14. Ng3
{[%clk 0:14:20]} Nf8 {[%clk 0:09:22]} 15. Nh5 {[%clk 0:14:11]} Nbd7
{[%clk 0:07:58]} 16. Qg3 {[%clk 0:12:58]} Qe7 {[%clk 0:06:40]} 17. f5
{[%clk 0:13:04]} Qf7 {[%clk 0:02:38]} 18. Bh6 {[%clk 0:12:59]} g6
{[%clk 0:02:33]} 19. Bxf8 {[%clk 0:10:58]} Nxf8 {[%clk 0:01:53]} 20. Nxf6+
{[%clk 0:11:06]} Kh8 {[%clk 0:02:02]} 21. Nxe8 {[%clk 0:11:02]} Rxe8
{[%clk 0:02:10]} 22. fxg6 {[%clk 0:10:04]} Qxg6 {[%clk 0:02:18]} 23. Qxg6
{[%clk 0:10:03]} hxg6 {[%clk 0:01:51]} 24. Ne2 {[%clk 0:09:30]} Ne6
{[%clk 0:01:49]} 25. Rad1 {[%clk 0:08:43]} Kg7 {[%clk 0:01:54]} 26. Rf6
{[%clk 0:08:28]} g5 {[%clk 0:01:06]} 27. a3 {[%clk 0:08:11]} Bf8 {[%clk 0:01:08]}
28. Ng3 {[%clk 0:06:51]} Nxd4 {[%clk 0:00:49]} 29. Rxd4 {[%clk 0:06:58]} Bc5
{[%clk 0:00:58]} 30. Nf5+ {[%clk 0:07:04]} Kh7 {[%clk 0:01:03]} 31. b4
{[%clk 0:06:53]} Bxd4+ {[%clk 0:01:07]} 32. Nxd4 {[%clk 0:07:02]} c5
{[%clk 0:00:31]} 33. bxc5 {[%clk 0:07:00]} bxc5 {[%clk 0:00:39]} 34. Ne6
{[%clk 0:07:03]} c4 {[%clk 0:00:32]} 35. Nxg5+ {[%clk 0:06:58]} Kg7
{[%clk 0:00:42]} 36. Nf3 {[%clk 0:05:22]} Rc8 {[%clk 0:00:48]} 37. Nd4
{[%clk 0:05:25]} c3 {[%clk 0:00:34]} 38. Rf1 {[%clk 0:04:20]} c2 {[%clk 0:00:23]}
39. Rc1 {[%clk 0:04:27]} Rc4 {[%clk 0:00:31]} 40. Nxc2 {[%clk 0:02:58]} d4
{[%clk 0:00:41]} 41. e6 {[%clk 0:03:07]} d3 {[%clk 0:00:19]} 42. e7
{[%clk 0:03:12]} Rc8 {[%clk 0:00:14]} 43. Kf1 {[%clk 0:01:35]} Kf7
{[%clk 0:00:14]} 44. e8=Q+ {[%clk 0:01:31]} Rxe8 {[%clk 0:00:18]} 45. Nb4
{[%clk 0:01:37]} d2 {[%clk 0:00:20]} 46. Rd1 {[%clk 0:01:45]} a5 {[%clk 0:00:29]}
47. Nd3 {[%clk 0:01:52]} 1-0

[Event "Russian Rapid Team Championship (w)"]
[Site "Sochi"]
[Date "2022.10.19"]
[Round "7.12"]
[White "Yurasova, Daria"]
[Black "Charochkina, Daria"]
[Result "0-1"]
[BlackElo "2245"]
[WhiteElo "2053"]
[LiveChessVersion "1.4.8"]

1. b3 {[%clk 0:15:18]} d5 {[%clk 0:14:59]} 2. Bb2 {[%clk 0:15:27]} Nf6
{[%clk 0:15:07]} 3. Bxf6 {[%clk 0:15:35]} exf6 {[%clk 0:15:01]} 4. e3
{[%clk 0:15:44]} g6 {[%clk 0:15:07]} 5. d4 {[%clk 0:15:52]} Bg7 {[%clk 0:15:15]}
6. g3 {[%clk 0:16:01]} c5 {[%clk 0:14:58]} 7. Ne2 {[%clk 0:15:50]} O-O
{[%clk 0:14:36]} 8. Bg2 {[%clk 0:15:58]} Nc6 {[%clk 0:14:29]} 9. dxc5
{[%clk 0:15:51]} Qa5+ {[%clk 0:14:32]} 10. c3 {[%clk 0:15:39]} Qxc5
{[%clk 0:13:55]} 11. Qxd5 {[%clk 0:15:11]} Qb6 {[%clk 0:13:36]} 12. Qd2
{[%clk 0:14:31]} a5 {[%clk 0:11:19]} 13. Na3 {[%clk 0:12:32]} a4 {[%clk 0:11:10]}
14. Nc4 {[%clk 0:12:37]} Qa6 {[%clk 0:11:04]} 15. Rc1 {[%clk 0:11:11]} Be6
{[%clk 0:09:26]} 16. O-O {[%clk 0:10:03]} Rfd8 {[%clk 0:04:29]} 17. Nd4
{[%clk 0:10:12]} b5 {[%clk 0:03:01]} 18. Nb2 {[%clk 0:09:43]} axb3
{[%clk 0:02:57]} 19. axb3 {[%clk 0:09:52]} Bxb3 {[%clk 0:02:49]} 20. Qe1
{[%clk 0:07:44]} Nxd4 {[%clk 0:02:29]} 21. Bxa8 {[%clk 0:07:19]} Nc2
{[%clk 0:01:00]} 22. Qe2 {[%clk 0:05:40]} Qxa8 {[%clk 0:01:01]} 23. Rxc2
{[%clk 0:04:52]} Bxc2 {[%clk 0:01:09]} 24. Qxc2 {[%clk 0:05:01]} Qa2
{[%clk 0:01:17]} 25. Qc1 {[%clk 0:04:45]} f5 {[%clk 0:01:19]} 26. Rd1
{[%clk 0:03:39]} Rc8 {[%clk 0:01:26]} 27. Rd7 {[%clk 0:01:55]} b4
{[%clk 0:01:30]} 28. Nd3 {[%clk 0:00:50]} bxc3 {[%clk 0:01:35]} 29. Rb7
{[%clk 0:00:41]} Qd5 {[%clk 0:01:06]} 30. Qb1 {[%clk 0:00:21]} c2
{[%clk 0:01:15]} 31. Qb3 {[%clk 0:00:21]} c1=Q+ {[%clk 0:01:17]} 0-1